The conservation and repair of ecclesiastical buildings (Record no. 100084)

MARC details
000 -LEADER
fixed length control field 02256cam a2200625 4500
008 - FIXED-LENGTH DATA ELEMENTS--GENERAL INFORMATION
fixed length control field 000000n1999 000 0 eng u
020 ## - INTERNATIONAL STANDARD BOOK NUMBER
International Standard Book Number 1900915081
035 ## - SYSTEM CONTROL NUMBER
System control number (Sirsi) u103093
041 ## - LANGUAGE CODE
Language code of text/sound track or separate title eng
050 ## - LIBRARY OF CONGRESS CALL NUMBER
Classification number 690.241
-- 18
245 #4 - TITLE STATEMENT
Title The conservation and repair of ecclesiastical buildings
250 ## - EDITION STATEMENT
Edition statement 6th ed.
260 ## - PUBLICATION, DISTRIBUTION, ETC.
Place of publication, distribution, etc. Tisbury
Name of publisher, distributor, etc. Cathedral Communications Limited
Date of publication, distribution, etc. 1999
300 ## - PHYSICAL DESCRIPTION
Extent 56p.
Other physical details ill.
Dimensions 30cm.
350 ## - PRICE (NR) (BK AM CF MU VM SE) [OBSOLETE]
Price 5.95
490 ## - SERIES STATEMENT
Series statement Building Conservation Directory Special Report
Volume/sequential designation 1
505 ## - FORMATTED CONTENTS NOTE
Formatted contents note The living churchyard
505 ## - FORMATTED CONTENTS NOTE
Formatted contents note The ecclesiastical exemption : an update
505 ## - FORMATTED CONTENTS NOTE
Formatted contents note The transfiguration : stained glass at Fairford
505 ## - FORMATTED CONTENTS NOTE
Formatted contents note The appointment of professionals for quinquennial inspections
505 ## - FORMATTED CONTENTS NOTE
Formatted contents note Structural problems in timber roofs
505 ## - FORMATTED CONTENTS NOTE
Formatted contents note The central tower scaffold, Wells Cathedral
505 ## - FORMATTED CONTENTS NOTE
Formatted contents note New stone for old : techniques for matching historic stone finishes
505 ## - FORMATTED CONTENTS NOTE
Formatted contents note Value judgement : an introduction to the cost of conservation work
505 ## - FORMATTED CONTENTS NOTE
Formatted contents note The conservation of banners at St Andrew's Church, Grafham
505 ## - FORMATTED CONTENTS NOTE
Formatted contents note Succeeding with renders
505 ## - FORMATTED CONTENTS NOTE
Formatted contents note Cast lead ornament
505 ## - FORMATTED CONTENTS NOTE
Formatted contents note The restoration of a victorian organ at St Wilfrid's, York
505 ## - FORMATTED CONTENTS NOTE
Formatted contents note Heritage Lottery Fund grants for organs
505 ## - FORMATTED CONTENTS NOTE
Formatted contents note Organ builders map
520 ## - SUMMARY, ETC.
Summary, etc. An annual looking at issues surrounding the conservation and repair of churches which includes a directory of useful orgnaisations, products and services.
650 ## - SUBJECT ADDED ENTRY--TOPICAL TERM
Topical term or geographic name entry element CHURCHES
650 ## - SUBJECT ADDED ENTRY--TOPICAL TERM
Topical term or geographic name entry element CONSERVATION
650 ## - SUBJECT ADDED ENTRY--TOPICAL TERM
Topical term or geographic name entry element BUILT ENVIRONMENT-BUILDING PATHOLOGY-INFESTATION (FUNGAL)-FUNGI-DRY ROT
650 ## - SUBJECT ADDED ENTRY--TOPICAL TERM
Topical term or geographic name entry element ECCLESIASTICAL BUILDINGS
650 ## - SUBJECT ADDED ENTRY--TOPICAL TERM
Topical term or geographic name entry element GRAVEYARDS
650 ## - SUBJECT ADDED ENTRY--TOPICAL TERM
Topical term or geographic name entry element REPAIRS
650 ## - SUBJECT ADDED ENTRY--TOPICAL TERM
Topical term or geographic name entry element STAINED GLASS
650 ## - SUBJECT ADDED ENTRY--TOPICAL TERM
Topical term or geographic name entry element STONEWORK
690 ## - LOCAL SUBJECT ADDED ENTRY--TOPICAL TERM (OCLC, RLIN)
Topical term or geographic name as entry element CONSERVATION
700 ## - ADDED ENTRY--PERSONAL NAME
Personal name Taylor, Jonathan
International Standard Serial Number Editor
700 ## - ADDED ENTRY--PERSONAL NAME
Personal name Manning, David
700 ## - ADDED ENTRY--PERSONAL NAME
Personal name Kent, Robin
700 ## - ADDED ENTRY--PERSONAL NAME
Personal name Blackett-Ord, Charles
700 ## - ADDED ENTRY--PERSONAL NAME
Personal name Clifton, Geoffrey
700 ## - ADDED ENTRY--PERSONAL NAME
Personal name Vans, Jamie
700 ## - ADDED ENTRY--PERSONAL NAME
Personal name Stockwell, Peter
700 ## - ADDED ENTRY--PERSONAL NAME
Personal name Townsend, Lisa
700 ## - ADDED ENTRY--PERSONAL NAME
Personal name Amarda
-- aul d'
700 ## - ADDED ENTRY--PERSONAL NAME
Personal name Taylor, John
700 ## - ADDED ENTRY--PERSONAL NAME
Personal name Fillary, Terry
700 ## - ADDED ENTRY--PERSONAL NAME
Personal name Taylor, Jonathan
700 ## - ADDED ENTRY--PERSONAL NAME
Personal name Venning, Mark
942 ## - ADDED ENTRY ELEMENTS (KOHA)
Suppress in OPAC 0
Holdings
Withdrawn status Lost status Source of classification or shelving scheme Damaged status Not for loan Home library Current library Shelving location Date acquired Total Checkouts Full call number Barcode Date last seen Date last checked out Copy number Price effective from Koha item type
    Dewey Decimal Classification     London London Folio 10/12/1999 11 F690.241 TAY 30060057 06/08/2019 18/09/2009 1 06/08/2019 Book